[Event "Remote email"]
[Site "Remote email"]
[Date "2013.11.28"]
[Round "?"]
[White "Henrich, Harry"]
[Black "Helmund, Diana"]
[Result "1/2-1/2"]
[WhiteElo "2298"]
[BlackElo "2030"]
[PlyCount "60"]
[EventDate "2013.??.??"]
[EventType "tourn (corr)"]
[EventRounds "6"]
[EventCountry "GER"]
[SourceTitle "Corr 2015"]
[Source "ChessBase"]
[SourceDate "2015.07.17"]
[SourceVersion "1"]
[SourceVersionDate "2015.07.17"]
[SourceQuality "1"]

1. c4 e5 2. Nc3 Nf6 3. Nf3 Nc6 4. g3 d5 5. cxd5 Nxd5 6. Bg2 Nf6 7. 0-0 h6 8. d3 Bc5 9. Na4 Bd6 10. d4 Nxd4 11. Nxd4 exd4 12. Qxd4 0-0 13. Rd1 Re8 14. Be3 Qd7 15. Nc3 Qf5 16. Bf3 a5 17. Rd2 Ng4 18. Bf4 Bxf4 19. Qxf4 c6 20. Qd4 Be6 21. Rad1 Ne5 22. Be4 Qh5 23. b3 Ng4 24. h4 Nf6 25. Bf3 Bg4 26. Bxg4 Nxg4 27. Ne4 Rad8 28. Qxd8 Rxd8 29. Rxd8+ Kh7 30. R8d4 Qf5 1/2-1/2